000 00438nam a22001697a 4500
003 NUST - PNEC
005 20170116181155.0
008 160111b xxu||||| |||| 00| 0 eng d
020 _a-
040 _cLIBRARY
082 _a891.4391 AKH
100 _915808
_aAkhtar Hussain Raipuri
245 _aGird-e-rah (Urdu)
_cDr. Akhtar Raipuri
260 _aKarachi:
_cc2000.
650 _915809
_aUrdu Literature
_xGeneral
942 _2ddc
_cBK
999 _c71146
_d71146